Maupassantovo Dedičstvo Zaujímavá televízna inscenácia Vida Horňáka

Bibliographic Details
Main Author: Karšay, Alexander (Author)
Format: Article
Language:Slovak
Subjects:

MARC

LEADER 00000nab a2200000 a 4500
001 vtls000137847
003 SK-MaSNL
005 20260303205648.0
008 111104c1983 xo 0 slo
015 |a SNBRB19rr/mm-uuuuu 
035 |a CL0147953 
040 |a SNKBUCL  |b slo  |c SNKBUCL  |e AACR2 
041 0 |a slo 
044 |a xo  |c SK 
080 |a 791.43.097  |2 1981 
100 1 |a Karšay, Alexander  |4 aut  |9 281937 
245 1 0 |a Maupassantovo Dedičstvo  |b Zaujímavá televízna inscenácia Vida Horňáka  |c Alexander Karšay 
500 |a /Podľa poviedky Guy de Maupassanta Dedičstvo./ 
610 2 7 |a Československá televízia  |2 snkbucl  |9 215938 
650 0 7 |a film televízny  |2 snkbucl  |9 922823 
651 7 |a 5100  |2 snkbucl  |9 166206 
655 7 |a články z novín a časopisov  |2 snkbucl  |9 267496 
773 0 |t Ľud  |g Roč. 36, č. 23 (28. 1. 1983), s. 5 
850 |a Slovenská národná knižnica v Martine  |a MTA001 
852 |a SNK  |b KIS3GCP 
958 |a RK 
992 |a RBX 
999 |c 2196513  |d 2198443